| 000 -CABECERA |
| Longitud fija campo de control |
01363nam a2200301 a 4500 |
| 001 - NÚMERO DE CONTROL |
| Número de control |
991031863489706706 |
| 003 - IDENTIFICADOR DEL NÚMERO DE CONTROL |
| Identificador del número de control |
OSt |
| 005 - FECHA Y HORA DE LA ÚLTIMA TRANSACCIÓN |
| Fecha y hora de la última transacción |
20220217115439.0 |
| 008 - CÓDIGOS DE INFORMACIÓN DE LONGITUD FIJA |
| Códigos de información de longitud fija |
070105s2003 spc|||a|||||c 000 ||cat|c |
| 017 ## - NÚMERO DE COPYRIGHT O DE DEPÓSITO LEGAL |
| Número de copyright o de depósito legal |
DL B. 31113-2003 |
| 020 ## - NÚMERO INTERNACIONAL NORMALIZADO PARA LIBROS |
| Número Internacional Normalizado para Libros (ISBN) |
8477949417 |
| 035 ## - NÚMERO DE CONTROL DEL SISTEMA |
| Número de control del sistema |
(ES-BaCBU).b48567619 |
| 040 ## - FUENTE DE LA CATALOGACIÓN |
| Centro catalogador de origen |
ES-BaCBU |
| Lengua de catalogación |
cat |
| Centro transcriptor |
CDMR |
| 041 0# - CÓDIGO DE LENGUA |
| Código de lengua del texto/banda sonora o título independiente |
cat |
| -- |
spa |
| -- |
eng |
| 080 ## - NÚMERO DE LA CLASIFICACIÓN DECIMAL UNIVERSAL |
| Número de la Clasificación Decimal Universal |
7.011.2 |
| 245 00 - MENCIÓN DE TÍTULO |
| Título |
Després de la notícia : |
| Resto del título |
documentals postmèdia / |
| Mención de responsabilidad, etc. |
[direcció: Carles Guerra] |
| 260 ## - PUBLICACIÓN, DISTRIBUCIÓN, ETC. (PIE DE IMPRENTA) |
| Lugar de publicación, distribución, etc. |
Barcelona : |
| Nombre del editor, distribuidor, etc. |
Centre de Cultura Contemporània : |
| -- |
Institut d'Edicions de la Diputació de Barcelona, |
| Fecha de publicación, distribución, etc. |
cop. 2003 |
| 300 ## - DESCRIPCIÓN FÍSICA |
| Extensión |
93 p. : |
| Otras características físicas |
il. col.; |
| Dimensiones |
24 cm |
| 500 ## - NOTA GENERAL |
| Nota general |
Catàleg de l'exposició celebrada al CCCB del 23 de juliol al 2 de novembre del 2003 |
| 505 8# - NOTA DE CONTENIDO CON FORMATO |
| Nota de contenido con formato |
Conté: Allan Sekula, Stanley Greene, Article Z, Bruno Serralongue, Asier Mendizábal, Iñáki Garmendia, Ursula Biemann i Angela Sanders, Chantal Akerman, Hanna Collins, Vahida Ramujkic i Laia Sadurní, Joaquín Jordà, Johan Van der Keuken, Alan Berliner, Péter Forgács i the labyrinth project |
| 546 ## - NOTA DE LENGUA |
| Nota de lengua |
Text en català, castellà i anglès |
| 650 04 - PUNTO DE ACCESO ADICIONAL DE MATERIA - TÉRMINO DE MATERIA |
| Término de materia o nombre geográfico como elemento inicial |
Videoart |
| 650 04 - PUNTO DE ACCESO ADICIONAL DE MATERIA - TÉRMINO DE MATERIA |
| Término de materia o nombre geográfico como elemento inicial |
Fotografia documental |
| 710 2# - PUNTO DE ACCESO ADICIONAL - NOMBRE DE ENTIDAD |
| Nombre de entidad o nombre de jurisdicción como elemento inicial |
Centre de Cultura Contemporània de Barcelona |
| 9 (RLIN) |
3317 |
| 907 ## - ELEMENTO G DATOS LOCALES, GDL (RLIN) |
| a |
.b48567619 |
| b |
22-01-21 |
| c |
11-05-11 |
| d |
11-05-11 |
| e |
m |
| f |
a |
| g |
- |
| h |
cat |
| i |
spc |
| j |
0 |
| k |
2 |
| 908 ## - CONTROL DE PARÁMETROS (RLIN) |
| Parametro de comando lanzado |
MACBA |
| 942 ## - ENTRADA DE ELEMENTOS AGREGADOS (KOHA) |
| Fuente de clasificaión o esquema |
|
| Koha [por defecto] tipo de item |
Monografies |